| 000 | 00452nam a22001697a 4500 | ||
|---|---|---|---|
| 008 | 230711b |||||||| |||| 00| 0 eng d | ||
| 020 | _a8170435382 | ||
| 040 |
_aNational Science Library _cNational Science Library |
||
| 080 |
_a82-31 _bQ5 |
||
| 100 | _aMishra, Bhagwati Sharan | ||
| 245 | _aपावक | ||
| 246 | _aPavak | ||
| 260 |
_aDelhi: _bAtmaram & Sons, _c2015 |
||
| 300 | _axiv, 527p. | ||
| 650 | _aHindi literature | ||
| 942 |
_2udc _cHBK |
||
| 999 |
_c51123 _d51123 |
||